000 02505cam a2200289 4500500
005 20260111120558.0
041 _afre
042 _adc
100 1 0 _aRomito, Patrizia
_eauthor
245 0 0 _aLes violences conjugales post-séparation et le devenir des femmes et des enfants
260 _c2011.
500 _a30
520 _aRésuméL’article présente une analyse des connaissances sur le thème des violences conjugales après une séparation ou un divorce et de l’impact de ces violences sur la vie des femmes et des enfants. L’argumentation s’appuie sur une base de données internationale très riche qui montre la fréquence et la gravité de ces violences. Des recherches menées dans différents pays montrent aussi que ces violences restent peu visibles et que cette invisibilité est un obstacle majeur dans la protection des femmes et des enfants. Le texte analyse différents mécanismes d’occultation, comme le mythe des « fausses dénonciations » et discute de leur impact sur la perception sociale des violences conjugales post-séparation et sur la vie des victimes.
520 _aThe life-experiences of women and children facing intimate-partner violence following separationWe analyse the research available on the issue of intimate-partner violence after separation or divorce, and its impact on the lives of women and children exposed to this phenomenon. The discussion is based on rich international data showing the high frequency and the gravity of this violence. Studies carried out in different countries suggest that very often such violence remains unreported. This lack of visibility represents the major obstacle for protecting women and children. We analyse some of the strategies adopted to retain this invisibility, such as the myth of “false reports” and discuss their impact on the social perception of intimate- partner violence following separation and on the lives of the victims.
690 _afausses dénonciations
690 _agarde des enfants
690 _ainceste
690 _aséparation
690 _aviolences conjugales
690 _achild custody
690 _afalse report
690 _aincest
690 _aintimate-partner violence
690 _aseparation
786 0 _nRevue internationale de l'éducation familiale | 29 | 1 | 2011-09-01 | p. 87-105 | 1279-7766
856 4 1 _uhttps://shs.cairn.info/revue-la-revue-internationale-de-l-education-familiale-2011-1-page-87?lang=fr&redirect-ssocas=7080
999 _c1634083
_d1634083